000 00915nam a22002537a 4500
008 240706b mp ||||| |||| 00| 0 mon d
020 _a978-99973-1-602-8
035 _a62292
040 _aBH0164090
_bmon
_cMN-UlNLM
_dMN-UlNLM
_erda
041 _amon
042 _a188243
084 _2NNA
_a83.8
_bР.769
100 _aРоулинг Ж.К
245 0 _aХарри Поттер
264 _aУлаанбаатар
_bМон судар
_c2018
300 _a341х.
336 _2rdacontent
_atext
_btxt
337 _2rdamedia
_aunmediated
_bn
338 _2rdacarrier
_avolume
_bnc
490 _v3
650 _aХүүхдийн уран зохиол: Дэлхийн хамгийн их борлуулалттай хүүхэд залуусын сонирхолыг татагч цуврал ном. Харри Поттер хэмээх ер бусы...
942 _2NNA
_cBK
999 _c1122504
_d1122561